Central Library OPAC University of Rajshahi

The sociology of religion : (Record no. 33263)

MARC details
000 -LEADER
fixed length control field 01155nam a2200313 a 4500
001 - CONTROL NUMBER
control field 33263
003 - CONTROL NUMBER IDENTIFIER
rucl marc code BD-RjUL
005 - DATE AND TIME OF LATEST TRANSACTION
control field 20211209051956.0
008 - FIXED-LENGTH DATA ELEMENTS--GENERAL INFORMATION
fixed length control field 140430m1966 enk 000 0 eng u
035 ## - SYSTEM CONTROL NUMBER
System control number (BD-RjUL)33354
040 ## - CATALOGING SOURCE
Original cataloging agency TOL
Modifying agency m.c
-- EQO
Language of cataloging eng
Transcribing agency BD-RjUL
041 ## - LANGUAGE CODE
Language code of text/sound track or separate title eng
082 ## - DEWEY DECIMAL CLASSIFICATION NUMBER
Classification number 301.58
Author mark and year STS V-1 1966
100 1# - MAIN ENTRY--PERSONAL NAME
Personal name Stark, Werner,
Dates associated with a name 1909-1985.
9 (RLIN) 101004
245 14 - TITLE STATEMENT
Title The sociology of religion :
Remainder of title a study of Christendom /
Statement of responsibility, etc. Werner Stark.
Number of part/section of a work VOLUME ONE
Name of part/section of a work Established Religion
260 ## - PUBLICATION, DISTRIBUTION, ETC. (IMPRINT)
Place of publication, distribution, etc. London :
Name of publisher, distributor, etc. Routledge & Kegan Paul,
Date of publication, distribution, etc. 1966
300 ## - PHYSICAL DESCRIPTION
Pagination xi ,235 p. :
Size 23 cm.
505 0# - FORMATTED CONTENTS NOTE
Formatted contents note v.1. Established religion -- v 2. Sectarian religion -- v.3. The universal church -- v. 4. Types of religious man -- v.5.: Types of religious culture.
650 #0 - SUBJECT ADDED ENTRY--TOPICAL TERM
Topical term or geographic name as entry element Religion and sociology
9 (RLIN) 5230
830 #0 - SERIES ADDED ENTRY--UNIFORM TITLE
Uniform title International library of sociology and social reconstruction (Routledge & Kegan Paul)
942 ## - ADDED ENTRY ELEMENTS (KOHA)
Source of classification or shelving scheme Dewey Decimal Classification
Koha item type Books
Holdings
Lost status Source of classification or shelving scheme Damaged status Not for loan Collection code Permanent Location Current Location Shelving location Date acquired Source of acquisition Cost, normal purchase price Total Checkouts Full call number Date last seen Copy number Koha item type
  Dewey Decimal Classification   Not For Loan Non-fiction Central Library, University of Rajshahi Central Library, University of Rajshahi Reading Room 30/05/1968 Pakistan, Book centre 56.25   301.58 STS V-1 1966 30/04/2014 C-1 Books